|
|
|
|
| LEADER |
00972cam a2200253 a 4500 |
| 001 |
01400512 |
| 003 |
GR-PaULI |
| 008 |
000904s1998____gr e 001 0 eng d |
| 020 |
|
|
|a 0201342979
|q pbk.
|
| 020 |
|
|
|a 0201593998
|q alk. paper
|
| 040 |
|
|
|a GrPaTEI
|b gre
|c GR-PaULI
|
| 040 |
|
|
|a GrPaTEI
|b gre
|c GR-PaULI
|
| 082 |
|
0 |
|a 005.133
|2 22
|
| 100 |
1 |
|
|a Bishop, J. M
|q (Judith Mary),
|d 1951-
|
| 245 |
1 |
0 |
|a Java gently /
|c Judy M. Bishop.
|
| 250 |
|
|
|a 2nd
|
| 260 |
|
|
|a Harlow, England
|a Reading, Mass. :
|b Addison Wesley Longman,
|c 1998
|
| 300 |
|
|
|a xxvii, 508 σ. :
|b διαγρ., πίν. ;
|c 24 εκ.
|
| 490 |
0 |
|
|a International computer science series
|
| 650 |
|
0 |
|a Java (Computer program language)
|
| 942 |
|
|
|2 ddc
|
| 952 |
|
|
|0 0
|1 0
|2 ddc
|4 0
|6 005_133000000000000_BIS
|7 0
|9 250972
|a LISK-2
|b LISK-2
|c BSC
|d 2021-01-17
|e 24
|f 0
|g 0.00
|l 0
|o 005.133 BIS
|p 99243000007739
|r 2021-01-17 00:00:00
|t 1
|w 2021-01-17
|y BK15
|x GrPaTEI - Antirrio
|
| 971 |
|
|
|a .b16932778
|b 28-09-20
|c 31-08-15
|
| 999 |
|
|
|c 148943
|d 148943
|